000 01048cab a2200301 4500
001 WB3030-26
008 090401t1994 xxu||||| |||| 00| 0 eng d
035 _a(Sirsi) u23762
041 _aeng
245 _aLender`s contributory negligence
260 _c1994
350 _a0
490 _aEstates Gazette
_v(9430) 30 July 1994, 102(1)
520 _aDiscusses contributory negligence after "Banque Bruxelles Lambert SA v Eagle Star Insurance Co Ltd" and other recent case law.
650 _aAXA EQUITY AND LAW HOME LOANS LTD V GOLDSACK AND FREEMAN
650 _aBANQUE BRUXELLES LAMBERT SA V EAGLE STAR INSURANCE CO LTD
650 _aCONTRIBUTORY NEGLIGENCE
650 _aHIT FINANCE LTD V LEWIS & TUCKER LTD
650 _aJOHN D WOOD
650 _aNEGLIGENCE
650 _aNEGLIGENT VALUATION
650 _aNYCKELN FINANCE CO LTD V STUMPBROOK CONTINUATION LTD
650 _aVALUERS
690 _aMANAGEMENT-BUSINESS MANAGEMENT-PROFESSIONAL PRACTICE
690 _aRATING AND VALUATION
942 _n0
948 _c04/03/1997
999 _c15907
_d15907